|
|
|
|
| LEADER |
00711nam a2200217 a 4500 |
| 001 |
2801 |
| 003 |
BD-DhAAL |
| 005 |
20150610092820.0 |
| 008 |
150610s1999 bg 000 0 eng d |
| 020 |
|
|
|a 9840514709
|
| 040 |
|
|
|a ANL
|b eng
|d BD-DhAAL
|
| 082 |
0 |
4 |
|a 327.1
|2 21
|
| 100 |
1 |
|
|a Kibria, Shah, A. M. S.
|9 11853
|
| 245 |
1 |
4 |
|a The emerging new world order /
|c Shah A.M.S. Kibria.
|
| 260 |
|
|
|a Dhaka :
|b University Press,
|c 1999.
|
| 300 |
|
|
|a vii, 267 p. ;
|c 22 cm.
|
| 541 |
|
|
|e 2801
|
| 650 |
|
0 |
|a World politics
|y 1995-
|9 11854
|
| 942 |
|
|
|2 ddc
|c BK
|
| 999 |
|
|
|c 34672
|d 34672
|
| 952 |
|
|
|0 0
|1 0
|2 ddc
|4 0
|6 327_100000000000000_KIB
|7 0
|9 54214
|a SCL
|b SCL
|c GEN
|d 2015-06-10
|g 375.00
|l 0
|o 327.1 KIB
|p 3020002801
|r 2015-06-10
|t 1
|w 2015-06-10
|y BK
|